George Jeffreys - A Ministry of the Miraculous / (Record no. 5556)

MARC details
000 -LEADER
fixed length control field 00586nam a22001937a 4500
003 - CONTROL NUMBER IDENTIFIER
control field GBCCL
005 - DATE AND TIME OF LATEST TRANSACTION
control field 20241126110544.0
008 - FIXED-LENGTH DATA ELEMENTS--GENERAL INFORMATION
fixed length control field 180327b ||||| |||| 00| 0 eng d
020 ## - INTERNATIONAL STANDARD BOOK NUMBER
International Standard Book Number 1852401966
040 ## - CATALOGING SOURCE
Transcribing agency gbc
082 ## - DEWEY DECIMAL CLASSIFICATION NUMBER
Classification number 289.94092
Item number JEF
245 ## - TITLE STATEMENT
Title George Jeffreys - A Ministry of the Miraculous /
Statement of responsibility, etc. Edited by Chris Cartwright
260 ## - PUBLICATION, DISTRIBUTION, ETC.
Place of publication, distribution, etc. England:
Name of publisher, distributor, etc. Sovereign World,
Date of publication, distribution, etc. 1999
300 ## - PHYSICAL DESCRIPTION
Extent 189 p.;
Dimensions 20 cm.
650 ## - SUBJECT ADDED ENTRY--TOPICAL TERM
Topical term or geographic name entry element Jeffrey George
Form subdivision 1889 - 1962
9 (RLIN) 10024
650 ## - SUBJECT ADDED ENTRY--TOPICAL TERM
Topical term or geographic name entry element Penticostal Churches
9 (RLIN) 10025
650 ## - SUBJECT ADDED ENTRY--TOPICAL TERM
Topical term or geographic name entry element Penticostalism
Geographic subdivision Great Britain
Form subdivision History
9 (RLIN) 10026
942 ## - ADDED ENTRY ELEMENTS (KOHA)
Source of classification or shelving scheme Dewey Decimal Classification
Koha item type Books
Holdings
Withdrawn status Lost status Source of classification or shelving scheme Damaged status Not for loan Home library Current Library Shelving location Date acquired Total checkouts Full call number Barcode Date last seen Copy number Price effective from Koha item type
    Dewey Decimal Classification     GRACE BIBLE COLLEGE GRACE BIBLE COLLEGE Church History 2018-03-27   289.94092 JEF 008852 2025-05-01 c.1 2018-03-27 Books
    Dewey Decimal Classification     GRACE BIBLE COLLEGE GRACE BIBLE COLLEGE Church History 2018-04-02   289.94092 JEF 008860 2025-05-01 c.2 2018-04-02 Books
    Dewey Decimal Classification     GRACE BIBLE COLLEGE GRACE BIBLE COLLEGE Church History 2018-05-02   289.94092 JEF 008863 2025-05-01 c.3 2018-05-02 Books
© Grace Bible College Library 2025